03424nam a22003017a 4500003000400000005001700004008004100021020001500062040002700077041000800104082002300112100003900135245015400174260003300328300006400361490001700425504003900442505044700481520183100928650001902759650005302778650004702831650004502878700004202923942001202965999001702977952012802994OSt20210727135459.0130821s1985 sp a gr spa  a8434410400 aCo-BoUCMbspacCO-JMCR0 aspa04a332.1 /bB189e2231 aBallarín, Eduard, eautor92704910aEstrategias competitivas para la banca : blecciones de la revolución financiera en Estados Unidos / cEduard Ballarín ; prologo de Rafael Termes aBarcelona : bAriel, c1985. a277 páginas : bilustraciones, cuadros, tablas ; c23 cm. 0aAriel ; v41 abibliografía: páginas 271-273.0 aGénesis de la revolución financiera. -- Un esquema conceptual para el análisis. -- Política económica e instituciones financieras. -- Política económica e instituciones financieras. -- Estrategia producto-mercado. -- Estrategia producto-mercado. -- Estrategia producto-mercado. -- Estrategia financiera. -- Gestión de activos y pasivos. -- Estrategia geográfica. -- Reflexión prospectiva sobre lsa revolución financiera 0 aEl sector bancario está experimentando una profunda transformación en todo el mundo por la incidencia simultánea de la crisis económica, la liberalización del marco legal y el uso intensivo de la tecnología de la información. Este proceso ha sido especialmente agudo en Estados Unidos, donde las fronteras que delimitaban el sector bancario se están desdibujando con rapidez. Este libro es un estudio en profundidad y sobre el terreno de la <